000 00642nam a2200229Ia 4500
003 OSt
005 20221006163800.0
006 a|||||r|||| 00| 0
007 ta
008 221006b |||||||| |||| 00| 0 eng d
024 _a1,120
037 _cTextual
040 _aFML
_cFML
_beng
041 _2eng
_aeng
082 _aO15:gx8'1, 111K7.1 -.2
100 _aJha Ganganath Au.
_9400331
245 0 _aKavyaprakash of Manmmata Bhattq
260 _aVaranasi
_bB. V. Prakashan
_c1967
300 _aVarious Pages
_ccm.
942 _hO15:gx8'1, 111K7.1 -.2
_cTEXL
_2CC
999 _c1115241
_d1115241